Top 10 most population countries in Asia - Statistics

General Stats
  • This quiz has been taken 30 times
  • The average score is 9 of 10
Answer Stats
Population Country % Correct
1.425.258.332 China
100%
1.441.719.852 India
100%
279.798.049 Indonesia
100%
245.209.815 Pakistan
100%
142.507.264 Russia
100%
124.136.472 Japan
97%
174.701.211 Bangladesh
86%
89.809.781 Iran
86%
118.809.263 Philippines
83%
97.947.472 Vietnam
72%
No matching quizzes found
Score Distribution
Percent of People with Each Score
Percentile by Number Answered
Your Score History
You have not taken this quiz